| 000 | 00646nam a2200205Ia 4500 | ||
|---|---|---|---|
| 001 | 19818 | ||
| 003 | GE_BSU | ||
| 008 | 181216s||||||||xx |||||||||||||| ||und|| | ||
| 040 | _cGE_BSU | ||
| 245 | _aГорная механика и машиностроение № 4. 2016 | ||
| 245 | _bНаучно-технический журнал | ||
| 245 | _cГл. ред. В.Я. Щерба | ||
| 260 | _aМосква | ||
| 260 | _c2016 | ||
| 300 | _a100стр. 29см. | ||
| 653 | _aГорная механика и машиностроение № 4. 2016 | ||
| 653 | _aПериодика | ||
| 653 | _aპერიოდიკა | ||
| 942 | _cCR | ||
| 999 |
_c52790 _d52790 |
||